Business Advantage / Stusent's book Intermediate

محفوظ في:
التفاصيل البيبلوغرافية
المؤلف الرئيسي: Koester, Almut
التنسيق: كتاب
اللغة:English
منشور في: NY. : Cambridge. 2002
الموضوعات:
الوسوم: إضافة وسم
لا توجد وسوم, كن أول من يضع وسما على هذه التسجيلة!
Thư viện lưu trữ: Mạng thư viện Đại học Đà Nẵng
LEADER 00987nam a22003011a 4500
001 000036063
003 12355
005 20251001160406.0
008 160323s2002 000 eng
020 |a 9780521132206 
041 |a eng 
082 |a 332  |b KO-A 
100 |a Koester, Almut 
245 0 |a Business Advantage /  |c Almut Koester, Anggela Pit.....  |n Stusent's book Intermediate 
260 |c 2002  |a NY. :  |b Cambridge. 
300 |a 191tr . : mh ; 30cm. 
650 |a Business Advantage 
653 |a Business 
OWN |a LNN 
AVA |a UDN50  |b LNN  |c English  |d 332 KO-A  |e available  |t Error 5001 Not defined in file expand_doc_bib_avail.  |f 1  |g 0  |h N  |i 0  |j AN  |k 1 
999 |a From the UDN01 
AVA |a UDN50  |b LNN  |c English  |d 332 KO-A  |e available  |t Error 5001 Not defined in file expand_doc_bib_avail.  |f 1  |g 0  |h N  |i 0  |j AN  |k 1 
TYP |a Monograph 
TYP |a Printed language 
980 |a Mạng thư viện Đại học Đà Nẵng